LEADER 00692nam a2200169 i 4500 001 000000182589 003 CaOOAMICUS 005 20091027000000.0 008 091027s1916 it u000 u ita u 013 $a160546 040 $aSeMil$bita 245 10$aDal Mercoledì delle Ceneri al Venerdì Santo. 300 $a347 p. 773 0 $aThiriet, J.$tProntuario evangelico di tutte le domeniche e le principali feste.$dMilano : Libreria editrice arcivescovile G. Daverio, 1916-1919.$gVolume3$w()22279 850 $aSeMil 852 $aSeMil$W1$xVenegono$y1$m3D III 231$j133293$B133293$CSeMilBibl$Z2$F145057 $81 996 $6245$aDal Mercoledì delle Ceneri al Venerdì Santo$9(OLS)http://semarc/title/261960 LEADER 00484nab a2200145 i 4500 001 000000285469 003 CaOOAMICUS 005 20180831165314.0 008 180831n xx uu u0 0und r 013 $a38949 040 $aSeMil$bita 245 10$a[VEDI PERIODICO]. - Allegato :$bMuseum Genius Loci (n.24) 500 $a2001. 773 0 $tChiesa e quartiere.$dMilano : Di Baio, 2001.$w()239874 996 $6245$a[VEDI PERIODICO]. - Allegato :$bMuseum Genius Loci (n.24)$9(OLS)http://semarc/title/366112